Govt. of
Madhya Pradesh

INSURGENCY IN KASHMIR (Record no. 64535)

MARC details
000 -LEADER
fixed length control field 00409nam a22001697a 4500
003 - CONTROL NUMBER IDENTIFIER
control field MACL
005 - DATE AND TIME OF LATEST TRANSACTION
control field 20211209145618.0
008 - FIXED-LENGTH DATA ELEMENTS--GENERAL INFORMATION
fixed length control field 211209b |||||||| |||| 00| 0 eng d
040 ## - CATALOGING SOURCE
Transcribing agency MACL
082 ## - DEWEY DECIMAL CLASSIFICATION NUMBER
Classification number 363
100 ## - MAIN ENTRY--PERSONAL NAME
Personal name NARANG,S.C.
9 (RLIN) 75670
245 ## - TITLE STATEMENT
Title INSURGENCY IN KASHMIR
Remainder of title WAY TO WAR
260 ## - PUBLICATION, DISTRIBUTION, ETC. (IMPRINT)
Place of publication, distribution, etc. DELHI
Name of publisher, distributor, etc. ACADEMIC PUBLICATION
Date of publication, distribution, etc. 2016
300 ## - PHYSICAL DESCRIPTION
Extent p272
650 ## - SUBJECT ADDED ENTRY--TOPICAL TERM
Topical term or geographic name as entry element TERRORISM
9 (RLIN) 17107
942 ## - ADDED ENTRY ELEMENTS (KOHA)
Source of classification or shelving scheme
Koha item type Books
Holdings
Withdrawn status Lost status Source of classification or shelving scheme Damaged status Not for loan Home library Current library Date acquired Cost, normal purchase price Total Checkouts Full call number Barcode Date last seen Price effective from Koha item type
          MACL MACL 09/12/2021 995.00   363 CRE037035 02/05/2024 09/12/2021 Books